|
|
|
|
| LEADER |
00000nam0a2200000 4500 |
| 001 |
368981 |
| 005 |
20231102012134.0 |
| 035 |
|
|
|a (RuTPU)RU\TPU\retro\26363
|
| 035 |
|
|
|a RU\TPU\book\46899
|
| 090 |
|
|
|a 368981
|
| 100 |
|
|
|a 20220426d1980 k y0rusy50 ca
|
| 101 |
1 |
|
|a eng
|c rus
|
| 102 |
|
|
|a RU
|
| 105 |
|
|
|a a z 001zy
|
| 200 |
1 |
|
|a Развитие учения о валентности
|d Theore of valency in progress
|f под ред. В. И. Кузнецова
|
| 210 |
|
|
|a Москва
|c Мир
|d 1980
|
| 215 |
|
|
|a 262 с.
|c ил.
|
| 300 |
|
|
|a На английском языке
|
| 320 |
|
|
|a Библиогр. в конце глав
|
| 320 |
|
|
|a Предм. указ.: с. 260-262
|
| 454 |
|
1 |
|0 (RuTPU)RU\TPU\book\46899
|t Развитие учения о валентности
|f В. И. Кузнецов, М. Г. Фаерштейн, А. А. Макареня, Ю. И. Соловьев
|g Под ред. В. И. Кузнецова
|c Москва
|n Химия
|d 1977
|p 247 с.
|
| 510 |
1 |
|
|a Theore of valency in progress
|z eng
|
| 606 |
1 |
|
|a Валентность
|2 stltpush
|3 (RuTPU)RU\TPU\subj\1985
|9 30630
|
| 610 |
1 |
|
|a химия
|
| 610 |
1 |
|
|a периодичность
|
| 610 |
1 |
|
|a спин-валентность
|
| 610 |
1 |
|
|a атомы
|
| 610 |
1 |
|
|a молекулярные орбитали
|
| 610 |
1 |
|
|a элементы
|
| 610 |
1 |
|
|a английский язык
|
| 675 |
|
|
|a 544.14
|v 3
|
| 702 |
|
1 |
|a Кузнецов
|b В. И.
|g Владимир Иванович
|4 340
|
| 801 |
|
1 |
|a RU
|b 63413507
|c 20021202
|g PSBO
|
| 801 |
|
2 |
|a RU
|b 63413507
|c 20220426
|g PSBO
|
| 942 |
|
|
|c BK
|